Statistics for Countries with a 'C' in their name:

Click here to take the quiz!

General Stats

  • This quiz has been taken 70 times
  • The average score is 32 of 40

Answer Stats

HintAnswer% Correct
Canada
95%
FFrance
94%
Chile
94%
Cuba
92%
IIceland
90%
Cameroon
90%
Cyprus
90%
VVatican
90%
Colombia
90%
China
90%
Chad
90%
JJamaica
89%
CCambodia
89%
Congo R
89%
Congo DR
89%
Czechia
85%
Croatia
85%
EEcuador
85%
GGreece
84%
LLiechtenstein
84%
MMacedonia
84%
Cape Verde
82%
DDominica
81%
Costa Rica
79%
Morocco
79%
Dominican Republic
79%
NNicaragua
77%
Comoros
76%
Madagascar
76%
Seychelles
74%
SSaint Lucia
74%
Monaco
73%
Mexico
73%
Ivory Coast
73%
Central African Republic
71%
Saint Vincent and the Grenadines
69%
UUnited States of America
69%
South Africa
65%
Micronesia
60%
Sao Tome and Principe
48%

Score Distribution

Percentile by Number Answered

Percent of People with Each Score

Your Score History

You have not taken this quiz